|
|
|
|
| LEADER |
00000nam0a2200000 4500 |
| 001 |
151575 |
| 005 |
20231031150752.0 |
| 035 |
|
|
|a (RuTPU)RU\TPU\book\164342
|
| 090 |
|
|
|a 151575
|
| 100 |
|
|
|a 20090124d1951 km y0rusy50 ca
|
| 101 |
0 |
|
|a rus
|
| 102 |
|
|
|a RU
|
| 105 |
|
|
|a a z 001zy
|
| 200 |
1 |
|
|a Химия минеральных масел
|f Н. И. Черножуков, С. Э. Крейн, Б. В. Лосиков
|
| 210 |
|
|
|a Москва
|c Гостоптехиздат
|d 1951
|a Ленинград
|
| 215 |
|
|
|a 308 с.
|c ил.
|
| 610 |
1 |
|
|a химия
|
| 610 |
1 |
|
|a химическая технология
|
| 610 |
1 |
|
|a масла
|
| 610 |
1 |
|
|a минеральные масла
|
| 610 |
1 |
|
|a нефтяные масла
|
| 610 |
1 |
|
|a химический состав
|
| 610 |
1 |
|
|a физические свойства
|
| 675 |
|
|
|a 665.765
|v 3
|
| 700 |
|
1 |
|a Черножуков
|b Н. И.
|g Николай Иванович
|
| 701 |
|
1 |
|a Крейн
|b С. Э.
|g Соломон Эфимович
|
| 701 |
|
1 |
|a Лосиков
|b Б. В.
|g Борис Витальевич
|
| 801 |
|
1 |
|a RU
|b 63413507
|c 20090124
|g PSBO
|
| 801 |
|
2 |
|a RU
|b 63413507
|c 20191103
|g PSBO
|
| 942 |
|
|
|c BK
|